Masts feel the wind of change (Record no. 68474)

MARC details
000 -LEADER
fixed length control field 01139cam a2200241 4500
001 - CONTROL NUMBER
control field ABS64608
008 - FIXED-LENGTH DATA ELEMENTS--GENERAL INFORMATION
fixed length control field 011004n2001 000 0 eng u
035 ## - SYSTEM CONTROL NUMBER
System control number (Sirsi) u114992
100 ## - MAIN ENTRY--PERSONAL NAME
Personal name Briggs, L.
245 ## - TITLE STATEMENT
Title Masts feel the wind of change
260 ## - PUBLICATION, DISTRIBUTION, ETC.
Date of publication, distribution, etc. 2001
490 ## - SERIES STATEMENT
Series statement Estates Gazette
Volume/sequential designation (0139) 29 September 2001, 132-134(3)
520 ## - SUMMARY, ETC.
Summary, etc. Until now telecoms operators have not needed to stand up for their rights to retain apparatus on a site. However, suggests the demand created by third-generation networks is about to change this situation. Examines the implications of the Telecommunications Act 1984 with regard to the new licences issued to operators to set up third-generation networks. Also recommends telecoms operators consider PPG8, which affects planning permission for telecoms masts and apparatus.
590 ## - LOCAL NOTE (RLIN)
Local note ABS
650 ## - SUBJECT ADDED ENTRY--TOPICAL TERM
Topical term or geographic name entry element TELECOMMUNICATIONS ACT 1984
650 ## - SUBJECT ADDED ENTRY--TOPICAL TERM
Topical term or geographic name entry element LANDLORD AND TENANT ACT 1954
650 ## - SUBJECT ADDED ENTRY--TOPICAL TERM
Topical term or geographic name entry element TELECOMMUNICATIONS MASTS
650 ## - SUBJECT ADDED ENTRY--TOPICAL TERM
Topical term or geographic name entry element THIRD GENERATION NETWORKS
650 ## - SUBJECT ADDED ENTRY--TOPICAL TERM
Topical term or geographic name entry element PPG8
650 ## - SUBJECT ADDED ENTRY--TOPICAL TERM
Topical term or geographic name entry element TELECOMMUNICATIONS EQUIPMENT
690 ## - LOCAL SUBJECT ADDED ENTRY--TOPICAL TERM (OCLC, RLIN)
Topical term or geographic name as entry element TRANSPORT AND COMMUNICATIONS
942 ## - ADDED ENTRY ELEMENTS (KOHA)
Suppress in OPAC 0
Holdings
Withdrawn status Lost status Source of classification or shelving scheme Damaged status Not for loan Home library Current library Shelving location Date acquired Total Checkouts Full call number Barcode Date last seen Copy number Price effective from Koha item type
    Dewey Decimal Classification     London London Journal article 04/10/2001   ABS64608 114992-1001 06/08/2019 1 06/08/2019 Journal article